| 000 | 00356nam a2200133Ia 4500 | ||
|---|---|---|---|
| 008 | 220217s9999||||xx |||||||||||||| ||und|| | ||
| 020 | _a0-07-113597-9 | ||
| 082 | _a621.392 PIC | ||
| 100 |
_aPick, Joshep _91895 |
||
| 245 | 0 | _aVHDL Techniques, experiments, and caveats | |
| 260 |
_aTata Mcgraw hill _bNew York _c1996 |
||
| 300 | _b0 | ||
| 650 | _aVHDL | ||
| 999 |
_c167756 _d167756 |
||